|
|
|
|
| LEADER |
01231nam a22002777a 4500 |
| 001 |
42403 |
| 003 |
BD-DhAAL |
| 005 |
20241028121841.0 |
| 008 |
240311t2003 nyua|||| b||| 001 0 eng d |
| 020 |
|
|
|a 0072837225
|
| 020 |
|
|
|a 9780072837223
|
| 040 |
|
|
|a DLC
|c DLC
|d DLC
|d BD-DhAAL
|
| 082 |
|
|
|a 909.09821
|2 22
|
| 100 |
|
|
|a McLean, Megan.
|9 56129
|
| 245 |
|
|
|a Western civilization :
|b primary source reader.
|n Volume 1 /
|c Megan McLean.
|
| 260 |
|
|
|a Boston :
|b McGraw Hill,
|c c2003.
|
| 300 |
|
|
|a vii, 256 pages ;
|c 23 cm
|
| 362 |
|
|
|a Vol. 1
|
| 504 |
|
|
|a Includes bibliographical references.
|
| 541 |
|
|
|a Donation from the Asia Foundation/Savar Campus Library
|e 42403, 43627
|
| 650 |
|
|
|a Civilization, Western
|x History
|v Sources.
|9 56128
|
| 852 |
|
|
|a Ayesha Abed Library
|
| 942 |
|
|
|2 ddc
|c BK
|
| 999 |
|
|
|c 46453
|d 46453
|
| 952 |
|
|
|0 0
|1 0
|2 ddc
|4 0
|6 909_098210000000000_MCL
|7 0
|9 75242
|a SCL
|b SCL
|c GEN
|d 2024-03-11
|l 3
|o 909.09821 MCL
|p 3020042403
|r 2025-03-25
|s 2025-03-25
|t 1
|w 2024-03-11
|y BK
|
| 952 |
|
|
|0 0
|1 0
|2 ddc
|4 0
|6 909_098210000000000_MCL
|7 0
|9 76825
|a SCL
|b SCL
|c GEN
|d 2024-10-28
|e Donation from the Asia Foundation/Savar Campus Library
|l 0
|o 909.09821 MCL
|p 3020043627
|r 2024-10-28
|t 2
|w 2024-10-28
|y BK
|x Donation from the Asia Foundation/Savar Campus Library
|